Národnie Slovenskie Pesne

Bibliographic Details
Main Author: Kráľ, Janko, 1822-1876 (Author)
Format: Article
Language:Slovak
Subjects:

MARC

LEADER 00000nab a2200000 a 4500
001 vtls009465292
003 SK-MaSNL
005 20260303184140.0
008 150420c1972 xo |r|p|||||||000 b|slo
015 |a SNBRA2009/01  |2 snkbucl 
038 |a SNKBUCL 
040 |a SNKBUCL  |b slo  |c SNKBUCL  |e AACR2 
041 0 |a slo 
044 |a xo  |c SK 
080 |a 821.162.4-1  |2 2001 
080 |a 398.8  |x (=162.4)  |2 2001 
100 1 |a Kráľ, Janko,  |d 1822-1876  |4 aut  |9 85414 
245 1 0 |a Národnie Slovenskie Pesne  |c [zapísal] Janko Kráľ 
500 |a Obsahuje zápisy 24 piesní 
650 0 7 |a slovenské ľudové piesne  |2 snkbucl  |9 3454 
773 0 |t Literárny archív 8/71  |d Martin : Matica slovenská, 1972  |g S. 68-74 
852 |a SNK  |b KIS3GCP 
958 |a LX 
958 |a SK 
999 |c 2125164  |d 2127094